000 00229nam a22000857a 4500
008 160926b xxu||||| |||| 00| 0 eng d
100 _9769
_aAgarwal.R.L
245 _aEnglish Communicative-X
260 _aNew Delhi
_bABD Publications
_c2011
999 _c3425
_d3425